000 00286nam a2200097Ia 4500
082 _a368.3 VANG
245 0 _aVersekering : als wat jy wil weet
100 _a VAN GIJSEN, Nico Cape Town, 2003 1ste uitg
_996486
942 _cBK
008 210817s9999 xx 000 0 und d
999 _c405463
_d405462